Statistics for Music Artists With At Least Five UK Number Ones

Click here to take the quiz!

General Stats

  • This quiz has been taken 1,220 times
    (1,212 since last reset)
  • The average score is 22 of 39

Answer Stats

Number of Number OnesSong ClueMusician/Band% Correct
7Billie jeanMichael Jackson
95%
6Bohemian RhapsodyQueen
95%
9Mamma miaAbba
93%
13VogueMadonna
89%
8Dont look back in angerOasis
85%
8UmbrellaRihanna
81%
5Every breath you takeThe Police
78%
6ToxicBritney Spears
77%
21All shook upElvis Presley
77%
7Dont go breaking my heartElton John
75%
17I feel fineThe Beatles
75%
92 become 1Spice Girls
73%
5If i were a boyBeyonce
69%
7Beautiful dayU2
68%
6Maggie mayRod Stewart
65%
7Spinning aroundKylie Minogue
63%
5Where is the love?The Black Eyed Peas
62%
5Ashes to ashesDavid Bowie
60%
14Summer holidayCliff richard
59%
6Merry xmas everybodySlade
59%
8Honky tonk womenThe Rolling Stones
59%
14Flying without wingsWestlife
59%
5TragedyBee gees
58%
11Greatest dayTake That
57%
6AtomicBlondie
53%
6Push the buttonSugababes
50%
5TitaniumDavid Guetta
47%
7CandyRobbie Williams
44%
7FastloveGeorge Michael
41%
6Everybody in loveJLS
38%
5Pure shoresAll Saints
36%
6When the going gets toughBoyzone
36%
8Smack thatEminem
35%
5BonkersDizzee Rascal
32%
7Star GirlMcFly
20%
5Good FeelingFlo Rida
19%
5Beautiful MonsterNe-Yo
17%
5Im not aloneCalvin Harris
16%
12Wonderful landThe Shadows
10%

Score Distribution

Percentile by Number Answered

Percent of People with Each Score

Your Score History

You have not taken this quiz since the last reset